Wszystkie piosenki - Sobel - Statystyki

Ogólne statystyki
  • Ten quiz został rozwiązany 333 razy
    156 od ostatniego zresetowania
  • Średni wynik to 27 z 48
Statystyki odpowiedzi
Hint Odpowiedź % Poprawnych
Pułapka Na Motyle Bandyta
88%
W ZWIĄZKU Z MUZYKĄ SEXTAPE (feat. Oki)
78%
Pułapka Na Motyle Fiołkowe Pole
76%
Pułapka Na Motyle Kinol
74%
Pułapka Na Motyle Alien
72%
W ZWIĄZKU Z MUZYKĄ MAMA POWTARZAŁA
70%
W ZWIĄZKU Z MUZYKĄ MUSZĘ TO WYKRZYCZEĆ (feat. Oki)
70%
Kontrast Biznes
68%
W ZWIĄZKU Z MUZYKĄ PINKY RINGI
67%
W ZWIĄZKU Z MUZYKĄ W ZWIĄZKU Z MUZYKĄ
65%
W ZWIĄZKU Z MUZYKĄ NIECH BOLI
64%
W ZWIĄZKU Z MUZYKĄ MIĘSO (feat. White 2115)
61%
Kontrast Presja
61%
Pułapka Na Motyle (Deluxe) (Re)Start
60%
Pułapka Na Motyle Restart (feat. Gedz)
60%
W ZWIĄZKU Z MUZYKĄ ASYSTENT NIEKREATYWNY
59%
W ZWIĄZKU Z MUZYKĄ LISTY DO M
59%
Pułapka Na Motyle (Deluxe) Cześć, jak się masz? (feat. sanah)
58%
W ZWIĄZKU Z MUZYKĄ DARKSKIN BIAŁAS (feat. Malik Montana)
57%
Kontrast Każdego Dnia
57%
W ZWIĄZKU Z MUZYKĄ SIERRA PAPA
57%
Kontrast Daj Mi Znać (feat. Michał Szczygieł)
56%
Pułapka Na Motyle Zaczarowany Mózg
56%
W ZWIĄZKU Z MUZYKĄ BOŻE
55%
W ZWIĄZKU Z MUZYKĄ PRZYMIARKI KSIĘCIA (feat. Szpaku)
55%
W ZWIĄZKU Z MUZYKĄ CZERWONE ŚWIATŁO
54%
Pułapka Na Motyle Nie Teraz (feat. Young Igi)
54%
Pułapka Na Motyle (Deluxe) Patologiczny Zew
54%
W ZWIĄZKU Z MUZYKĄ PIĘKNI LUDZIE
54%
Pułapka Na Motyle Pobudka (feat. Oki)
54%
Pułapka Na Motyle (Deluxe) Pull Up
53%
Pułapka Na Motyle To Ja
53%
Pułapka Na Motyle Puzzle
52%
W ZWIĄZKU Z MUZYKĄ TO MOJA WINA (feat. Białas)
52%
W ZWIĄZKU Z MUZYKĄ WŁASNY FILM
49%
W ZWIĄZKU Z MUZYKĄ JAK MAM TO NAZWAĆ?
47%
W ZWIĄZKU Z MUZYKĄ ONE TYLKO KŁAMIĄ
47%
Pułapka Na Motyle (Deluxe) Szczury
47%
W ZWIĄZKU Z MUZYKĄ ANTISUK
46%
Pułapka Na Motyle Kapie Deszcz
46%
Pułapka Na Motyle Gruby Temat
45%
Kontrast Porysowany (feat. Frosti)
45%
W ZWIĄZKU Z MUZYKĄ TAK WYSZŁO
44%
W ZWIĄZKU Z MUZYKĄ ZAUFAJ MI
43%
Pułapka Na Motyle Jeden Mały Problem
42%
Kontrast Dopiski
40%
Kontrast Dosyć Łez
38%
Kontrast Tajne Info - Remix (feat. Siles)
38%
Nie znaleziono quizów pasujących do podanych kryteriów
Rozkład punktacji
Procent ludzi z każdym wynikiem
Percentyl według liczby udzielonych odpowiedzi
Twoja historia wyników
Nie rozwiązałeś tego quizu od ostatniego zresetowania